| Tag |
First Indicator |
Second Indicator |
Subfields |
| LEADER |
00000cam a2200000 4500 |
| 001 |
in00000056514 |
| 005 |
20151007082016.0 |
| 008 |
740715s1966 ii b 00000 eng |
| 010 |
|
|
|a sa 67002626
|
| 025 |
|
|
|a PL480:I-E-7361
|
| 035 |
|
|
|a (OCoLC)00946161
|
| 035 |
|
|
|9 AAF7237AM
|
| 037 |
|
|
|c Rs12
|
| 040 |
|
|
|a DLC
|c TOL
|d OCL
|d TXA
|d UtOrBLW
|
| 049 |
|
|
|a TXAM
|c [472525]
|
| 050 |
0 |
0 |
|a E183.8.I4
|b V8
|
| 082 |
0 |
|
|a 301.29/54/073
|
| 092 |
|
|
|a 301.29
|b V996d
|
| 100 |
1 |
|
|a Vyas, Pramod.
|
| 245 |
1 |
0 |
|a Dawning on the Capitol: U.S. Congress and India.
|
| 264 |
|
1 |
|a Calcutta :
|b Mascot Publications,
|c [1966]
|
| 300 |
|
|
|a 117 pages ;
|c 22 cm.
|
| 336 |
|
|
|a text
|b txt
|2 rdacontent
|
| 337 |
|
|
|a unmediated
|b n
|2 rdamedia
|
| 338 |
|
|
|a volume
|b nc
|2 rdacarrier
|
| 504 |
|
|
|a Bibliography: pages 96-105.
|
| 650 |
|
0 |
|a Economic assistance, American
|z India.
|
| 651 |
|
0 |
|a United States
|x Relations
|z India.
|
| 651 |
|
0 |
|a India
|x Relations
|z United States.
|
| 999 |
|
|
|a MARS
|
| 999 |
f |
f |
|s 15d7f9e2-b4e4-3500-a7b1-26453d36c1ba
|i be1aa28a-4bc7-3755-973f-561aef030782
|t 0
|
| 952 |
f |
f |
|p ric
|a Texas A&M University
|b Rellis Campus
|c Joint Library Facility
|d Remote Storage
|t 0
|e E183.8.I4 V8
|h Library of Congress classification
|i unmediated -- volume
|m A14800640116
|
| 998 |
f |
f |
|a E183.8.I4 V8
|t 0
|l Remote Storage
|